000 00436nam a2200193Ia 4500
005 20250603145359.0
008 250603s9999 xx 000 0 und d
020 _a978-81-317-1887-2
050 _aTJ 216 .D67/
100 _aDorf, Richard C.
245 0 _aModern control systems
250 _a11th ed.
260 _aNew Delhi
260 _bPearson
260 _c2008
300 _a1018 p
650 _aNew Delhi
942 _cBK
999 _c41693
_d41693